00797nam a2200205Ia 4500952009800000999001700098008004100115020001500156050001800171100002200189245004700211250001900258260003400277300002800311504003400339505014000373519004300513650002300556942001200579 00102lcc4070a03b03d2001-05-15l0oD20 B7 1973p03 003140r2012-07-20t1w2012-07-20yLB c79928d79928120720s1973 mx b 000 0 spa d a970050641X aD20 bB7 1973 aBrom, Juaneautor aEsbozo de historia universalc / Juan Brom a19a. edición aMéxicob : Grijalboc, 1973 a311 páginasb : mapas aBibliografía (pp. 295-311)  aPresentación La historia La prehistoria La antigüedad La Edad Media La Edad Moderna La Edad Contemporánea Consideraciones finales aMaterial Complementario /d(03 003140) 0aHISTORIA UNIVERSAL 2lcccLB